Catálogo
 En Linea

Sobre las deformaciones al marxismo. / (Registro nro. 41130)

Detalles MARC
000 -CABECERA
campo de control de longitud fija 00638nam a2200157 a 4500
001 - NÚMERO DE CONTROL
campo de control 000041640
005 - FECHA Y HORA DE LA ÚLTIMA TRANSACCIÓN
campo de control 20201002035700.0
008 - DATOS DE LONGITUD FIJA--INFORMACIÓN GENERAL
campo de control de longitud fija 131014s1979 dr 000 0 spa d
040 ## - FUENTE DE LA CATALOGACIÓN
Centro catalogador/agencia de origen DO-SdBNP
Lengua de catalogación spa
Centro/agencia transcriptor BNPHU
100 1# - ENTRADA PRINCIPAL--NOMBRE DE PERSONA
Nombre de persona González Pons, Alejandro
9 (RLIN) 68430
245 10 - MENCIÓN DE TÍTULO
Título Sobre las deformaciones al marxismo. /
Mención de responsabilidad, etc. Alejandro González Pons.
260 ## - PUBLICACIÓN, DISTRIBUCIÓN, ETC.
Lugar de publicación, distribución, etc. Santo Domingo, :
Nombre del editor, distribuidor, etc. Ediciones socialistas,
Fecha de publicación, distribución, etc. 1979.
300 ## - DESCRIPCIÓN FÍSICA
Extensión 32 p. ;
Dimensiones 21 cm.
500 ## - NOTA GENERAL
Nota general Movimiento de liberación nacional (CORECATO)
500 ## - NOTA GENERAL
Nota general Ponencia presentada en la continuación de la mesa redonda sobre el libro "Nuestra falsa izquierda" del Dr. Juan Isidro Jimenes Grullón
Existencias
Estado de retiro Estado de pérdida No para préstamo Código de colección Localización permanente Ubicación/localización actual Ubicación en estantería Fecha de adquisición Número de inventario Total de préstamos Signatura topográfica completa Código de barras Fecha visto por última vez Precio válido a partir de Tipo de ítem Koha
    Excluido de préstamo Patrimonio Dominicano Patrimonio Dominicano Patrimonio Dominicano En catalogación 14.10.2013 LF1   41640-10 25.06.2020 25.06.2020 Libro y Folleto Colección Patrimonio Dominicano

Con tecnología Koha